European Monetary Integration / From the European Monetary System to Economic and Monetary Union (Record no. 2697)
[ view plain ]
| 000 -LEADER | |
|---|---|
| fixed length control field | 01738cam a22002174a 4500 |
| 005 - ΗΜΕΡΟΜΗΝΙΑ ΚΑΙ ΩΡΑ ΤΕΛΕΥΤΑΙΑΣ ΕΝΗΜΕΡΩΣΗΣ | |
| Πεδίο ελέγχου | 20250605164051.0 |
| 008 - FIXED-LENGTH DATA ELEMENTS--GENERAL INFORMATION | |
| Πεδίο ελέγχου σταθερού μήκους | 250528s ||||||||||||||||||||||||d |
| 035 ## - SYSTEM CONTROL NUMBER | |
| System control number | 17269 |
| 020 ## - ISBN | |
| ISBN | 582320151 |
| 040 ## - ΠΗΓΗ ΚΑΤΑΛΟΓΟΓΡΑΦΗΣΗΣ | |
| Φορέας πρωτότυπης καταλογογράφησης | MC Athens Campus Library |
| Γλώσσα καταλογογράφησης | Ελληνικά, Μοντέρνα (1453-) |
| Modifying agency | MC Athens Campus Library |
| Κανόνες περιγραφικής καταλογογράφησης | AACR2 |
| 245 1# - ΤΙΤΛΟΣ ΚΑΙ ΔΗΛΩΣΗ ΥΠΕΥΘΥΝΟΤΗΤΑΣ | |
| Τίτλος | European Monetary Integration / From the European Monetary System to Economic and Monetary Union |
| 250 ## - EDITION STATEMENT | |
| Edition statement | 2nd |
| 260 ## - PUBLICATION, DISTRIBUTION, ETC. | |
| Name of publisher, distributor, etc. | Longman, |
| Date of publication, distribution, etc. | 1998 |
| 300 ## - PHYSICAL DESCRIPTION | |
| Extent | 576 |
| 520 ## - SUMMARY, ETC. | |
| Summary, etc. | An essential reading for all students of European monetary integration and international macroeconomics, as well as anybody with a professional interest in European economics. Introduction, A Brief History of European Monetary Integration, The Beginning: from the European Payments Unions to the Snake, The Making of the European Monetary System, The European Monetary System, The European Monetary System and the ecu, Analytical Issues: A Critical Appraisal of the EMS - 1979-92, Lessons from a Failed Transition? The Speculative Attacks of 1992-5, From the Ecu, Analytical Issues: a Critical Appraisal of the EMS - 1979-92, Lessons from a Failed Transition? The Speculative Attacks of 1992-5, From the Ecu to the Euro, The Economics of Monetary Union, Why Monetary Union? Costs and Benefits of EMU, The Relationship between Economic and Monetary Integration: EMU and National Fiscal Policy, EMU and the Global Monetary System, Towards Monetary Union, Agreeing on EMU: From Political Initiatives to the Delors Report and the Maastricht Treaty, After Maastricht: Concrete Steps towards Monetary Union, The European System of Central Banks and Price Stability, Index. |
| 700 1# - ΠΡΟΣΘΕΤΗ ΑΝΑΓΡΑΦΗ--ΦΥΣΙΚΟ ΠΡΟΣΩΠΟ | |
| Personal name | Gros Daniel |
| 9 (RLIN) | 3428 |
| 700 1# - ΠΡΟΣΘΕΤΗ ΑΝΑΓΡΑΦΗ--ΦΥΣΙΚΟ ΠΡΟΣΩΠΟ | |
| Personal name | Thygesen Niels |
| 9 (RLIN) | 3429 |
| 942 ## - ADDED ENTRY ELEMENTS (KOHA) | |
| Koha item type | Books |
| Τύπος τεκμηρίου | Βιβλιοθήκη | Τρέχουσα τοποθεσία | Barcode | Αριθμός εισαγωγής | Ημερομηνία απόκτησης | Ταξιθετικό σύμβολο | Αριθμός αντιτύπου | Κατάσταση απόσυρσης | Κατάσταση χαμένου | Κατάσταση κατεστραμμένου | Μη δανεισμός | Σύνολο δανεισμών | Ημερομηνία τελευταίας εμφάνισης | Η τιμή ισχύει από |
|---|---|---|---|---|---|---|---|---|---|---|---|---|---|---|
| Books | MC Athens Campus Library | MC Athens Campus Library | 9780000026965 | 934 | 05/06/2025 | 332.45094 GRO | 1 | 05/06/2025 | 05/06/2025 |